Política económica, distribución del ingreso y pobreza en Paraguay /

שמור ב:
מידע ביבליוגרפי
מחבר ראשי: Indart, Gustavo
פורמט: Texto
תגים: הוספת תג
אין תגיות, היה/י הראשונ/ה לתייג את הרשומה!

MARC

LEADER 00000 a a2200000 04500
001 16767
003
040
100 |a Indart, Gustavo  
245 |a Política económica, distribución del ingreso y pobreza en Paraguay /  |c Gustavo Indart  
773 |g volumen 36, número 106; páginas 61-106  
999 |c 21428  |d 21428